Bemutatkozott a "panoráma" busz

Elmentve itt :
Bibliográfiai részletek
Dokumentumtípus: Cikk
Megjelent: 1965-04-30
Sorozat:Délmagyarország 55 No. 101
Kulcsszavak:Turizmus Szeged 1965, autóbusz
Online Access:http://dmarchiv.bibl.u-szeged.hu/69509
LEADER 00419nab a2200145 i 4500
001 delm69509
005 20180927153737.0
008 180927s1965 hu o 0|| hun d
040 |a SZTE Délmagyarország Archívum  |b hun 
041 |a hun 
245 0 0 |a Bemutatkozott a "panoráma" busz  |h [elektronikus dokumentum] 
260 |c 1965-04-30 
300 |a 5 
490 0 |a Délmagyarország  |v 55 No. 101 
695 |a Turizmus Szeged 1965, autóbusz